Statistics for Austin Mahone

Click here to take the quiz!

General Stats

  • This quiz has been taken 452 times
    (98 since last reset)
  • The average score is 10 of 13

Answer Stats

Hint Answer % Correct
What is his favorite color?Red
97%
Does he drive?Yes
89%
Does he have any siblings?No
86%
How old is he?18
86%
What is his favorite sport?Basketball
83%
What are his fans called?Mahomies
80%
When is Austin's birthday?April 4
71%
What state did he move to Florida from?Texas
71%
What is his cat's name?Romo
66%
What was his first single?11:11
64%
Who is his best friend?Alex constancio
56%
Who is his inspiration?Justin Bieber
54%
What is his sucurity guard's name?Dave
51%

Score Distribution

Percentile by Number Answered

Percent of People with Each Score

Your Score History

You have not taken this quiz since the last reset